[Event "XII Festival Magistrale"]
[Site "Celle Ligure ITA"]
[Date "1997.03.??"]
[Round "9"]
[White "Guido, Flavio"]
[Black "Jovanic, Ognjen"]
[WhiteElo "2300"]
[BlackElo "2260"]
[Result "1-0"]
[PlyCount "63"]
[EventDate "1997.03.22"]

1. e4 c6 2. d4 d5 3. exd5 cxd5 4. c4 Nf6 5. Nc3 e6 6. Nf3 Bb4 7. cxd5 Nxd5 8.
Qc2 Nc6 9. a3 Be7 10. Bd3 Nf6 11. Be3 O-O 12. O-O h6 13. Rad1 b6 14. d5 exd5
15. Nxd5 Nxd5 16. Bh7+ Kh8 17. Qxc6 Be6 18. Be4 Rc8 19. Rxd5 Bxd5 20. Qxd5 Qxd5
21. Bxd5 Rc2 22. Bd4 Bc5 23. Bb3 Re2 24. Bc4 Re7 25. Bxc5 bxc5 26. Re1 Rfe8 27.
Kf1 Rxe1+ 28. Nxe1 Re7 29. Nd3 Rc7 30. Ke2 Kg8 31. Kf3 Kf8 32. Ke4 1-0

[Event "XII Festival Magistrale"]
[Site "Celle Ligure ITA"]
[Date "1997.03.??"]
[Round "9"]
[White "Mollero, Michele"]
[Black "Scotti, Umberto"]
[WhiteElo "2050"]
[BlackElo "2130"]
[Result "1-0"]
[PlyCount "137"]
[EventDate "1997.03.22"]

1. d4 d5 2. c4 c6 3. Nf3 Nf6 4. Nc3 e6 5. Bg5 Nbd7 6. e3 Qa5 7. Bxf6 Nxf6 8.
Nd2 Bb4 9. Qb3 O-O 10. Bd3 c5 11. O-O cxd4 12. exd4 Bxc3 13. bxc3 dxc4 14. Nxc4
Qc7 15. Ne5 b6 16. Be2 Bb7 17. Bf3 Bxf3 18. Nxf3 Rac8 19. Rac1 Rfd8 20. c4 h6
21. Rfe1 Qf4 22. Qb1 Rc7 23. a4 Rdc8 24. Qd3 Nd5 25. Ne5 Nb4 26. Qb1 Nc6 27.
Re4 Qd2 28. Nxc6 Rxc6 29. Rd1 Qg5 30. d5 exd5 31. h4 Qf6 32. cxd5 Rd6 33. Red4
Re8 34. Qd3 Qe5 35. Qa3 Red8 36. Qd3 g6 37. Qb3 Kg7 38. R4d2 Rc8 39. Qd3 Rc5
40. Qb3 Qc3 41. Qa2 Rc4 42. Rd3 Qb4 43. Qa1+ Kh7 44. Rd4 Rxd4 45. Rxd4 Qb3 46.
Qd1 Qxd1+ 47. Rxd1 Kg7 48. f4 Kf6 49. Kf2 Kf5 50. Kf3 h5 51. g3 a6 52. Rd3 b5
53. axb5 axb5 54. Ke3 b4 55. Kd4 Ra6 56. Kc4 Ke4 57. Rd4+ Ke3 58. Rd3+ Ke4 59.
Rd1 Kf3 60. Rd3+ Ke4 61. d6 Rc6+ 62. Kb5 Rc8 63. Rd1 b3 64. d7 Rb8+ 65. Kc6 b2
66. Kc7 b1=Q 67. Rxb1 Rxb1 68. d8=Q Rc1+ 69. Kb6 {...} 1-0

[Event "XII Festival Magistrale"]
[Site "Celle Ligure ITA"]
[Date "1997.03.??"]
[Round "9"]
[White "Vismara, Daniele"]
[Black "Egartner, Wolfgang"]
[WhiteElo "2205"]
[BlackElo "2185"]
[Result "1-0"]
[PlyCount "61"]
[EventDate "1997.03.22"]

1. e4 c5 2. c3 d5 3. exd5 Qxd5 4. d4 Nf6 5. Nf3 e6 6. Be3 Be7 7. dxc5 O-O 8. b4
a5 9. Nbd2 b6 10. Bc4 Qd8 11. cxb6 axb4 12. cxb4 Bxb4 13. Qb3 Nc6 14. a4 Bb7
15. O-O Ng4 16. Rfd1 Nxe3 17. Qxe3 Qe7 18. Ne4 Na5 19. Bb5 Bd5 20. Rac1 Rfc8
21. Nc3 Bxc3 22. Rxc3 Qb7 23. Rdc1 Bc6 24. Bxc6 Rxc6 25. Rxc6 Nxc6 26. Qe4 Rc8
27. g3 Qxb6 28. Ne5 Ne7 29. Rxc8+ Nxc8 30. Qa8 Qc7 31. Nc6 1-0

[Event "XII Festival Magistrale"]
[Site "Celle Ligure ITA"]
[Date "1997.03.??"]
[Round "9"]
[White "Vujovic, Milorad"]
[Black "Hamberger, Hermann"]
[WhiteElo "2255"]
[BlackElo "2205"]
[Result "1-0"]
[PlyCount "65"]
[EventDate "1997.03.22"]

1. e4 c5 2. Nf3 d6 3. d4 cxd4 4. Nxd4 Nf6 5. Nc3 g6 6. h3 Bg7 7. Bc4 Nc6 8. Be3
O-O 9. Bb3 Bd7 10. O-O Qa5 11. a4 Nxd4 12. Bxd4 Be6 13. Nd5 Bxd5 14. exd5 Nd7
15. Bxg7 Kxg7 16. Re1 Rfe8 17. Re3 Nf6 18. Qd4 Qc5 19. Qd2 a5 20. Rae1 Ng8 21.
h4 Rec8 22. h5 Rab8 23. hxg6 hxg6 24. c4 Rc7 25. Rh3 Qb4 26. Qd4+ Nf6 27. Ree3
Rh8 28. Rxh8 Kxh8 29. Rxe7 Rxe7 30. Qxf6+ Kg8 31. Qxe7 Qxb3 32. Qxd6 Qxa4 33.
Kh2 {...} 1-0

[Event "XII Festival Magistrale"]
[Site "Celle Ligure ITA"]
[Date "1997.03.??"]
[Round "9"]
[White "Zsifkovits, Robert"]
[Black "Mordiglia, Riccardo"]
[WhiteElo "2170"]
[BlackElo "2105"]
[Result "1/2-1/2"]
[PlyCount "92"]
[EventDate "1997.03.22"]

1. d4 d5 2. e4 dxe4 3. Nc3 Nf6 4. f3 exf3 5. Nxf3 Bf5 6. Ne5 e6 7. g4 Be4 8.
Nxe4 Nxe4 9. h4 Bb4+ 10. c3 Nxc3 11. bxc3 Bxc3+ 12. Bd2 Qxd4 13. Nf3 Qe4+ 14.
Kf2 Bxa1 15. Qxa1 Nd7 16. Qxg7 O-O-O 17. Qc3 Nb6 18. Bg5 Nd5 19. Qb3 f6 20. Bd2
Rhg8 21. Rg1 Rxg4 22. Bd3 Qa4 23. Qxa4 Rxa4 24. Bxh7 Rxa2 25. Rg7 Nf4 26. Ke3
e5 27. Ke4 Raxd2 28. Nxd2 a5 29. Nb3 a4 30. Nc5 b6 31. Bf5+ Kb8 32. Na6+ Kb7
33. Nxc7 Rd4+ 34. Ke3 Kc6 35. Be4+ Kc5 36. Rg1 Rd7 37. Rc1+ Kb4 38. Rb1+ Kc5
39. Na6+ Kc4 40. Rxb6 a3 41. Rc6+ Kb5 42. Nc7+ Kb4 43. Rb6+ Kc5 44. Rc6+ Kb4
45. Rb6+ Kc5 46. Rc6+ Kb4 1/2-1/2

[Event "Open A"]
[Site "Frosinone ITA"]
[Date "1997.03.??"]
[Round "1"]
[White "Abuhamdieh, Arafat"]
[Black "Gonzini, Gianmaria"]
[Result "1/2-1/2"]
[WhiteElo "1420"]
[BlackElo "1600"]
[PlyCount "47"]
[EventDate "1997.03.08"]

1. d4 Nf6 2. c4 c5 3. e3 g6 4. Nc3 Bg7 5. dxc5 Qa5 6. Bd2 Qxc5 7. Rb1 a6 8. b4
Qc7 9. Nd5 Nxd5 10. cxd5 d6 11. Rc1 Qd8 12. Bc3 Bxc3+ 13. Rxc3 Nd7 14. Nf3 Nf6
15. Qd4 Bf5 16. Bd3 Bxd3 17. Qxd3 O-O 18. O-O Qd7 19. Qd4 Rfc8 20. Rfc1 Rxc3
21. Rxc3 Rc8 22. Rxc8+ Qxc8 23. h3 Qf5 24. Qb6 1/2-1/2

[Event "Open A"]
[Site "Frosinone ITA"]
[Date "1997.03.??"]
[Round "1"]
[White "Agomeri, Dante"]
[Black "Vannelli, Vittorio"]
[Result "0-1"]
[WhiteElo "1666"]
[BlackElo "1567"]
[PlyCount "48"]
[EventDate "1997.03.08"]

1. e4 c5 2. Nf3 Nc6 3. d4 cxd4 4. Nxd4 e5 5. Nxc6 bxc6 6. Nc3 Bb4 7. Bd2 Nf6 8.
Bc4 Bxc3 9. Bxc3 Nxe4 10. Bxe5 Qa5+ 11. Bc3 Nxc3 12. Bxf7+ Kxf7 13. Qf3+ Kg8
14. O-O Nd5 15. Qh5 Ba6 16. Rfe1 Qd8 17. Re5 Nf4 18. Qf3 Ne6 19. Rd1 Qf6 20.
Qg3 Nf4 21. Qb3+ d5 22. Qe3 h6 23. g3 Nh3+ 24. Kg2 Nxf2 0-1

[Event "Open A"]
[Site "Frosinone ITA"]
[Date "1997.03.??"]
[Round "1"]
[White "Berrino, Umberto"]
[Black "Marinelli, Franco"]
[Result "1/2-1/2"]
[WhiteElo "1672"]
[BlackElo "1522"]
[PlyCount "113"]
[EventDate "1997.03.08"]

1. e4 d6 2. d4 Nf6 3. Nd2 g6 4. Ngf3 c6 5. Be2 Bg7 6. c3 Nbd7 7. O-O e5 8. dxe5
Nxe5 9. Re1 O-O 10. h3 Nh5 11. Bf1 Qb6 12. Nc4 Nxf3+ 13. gxf3 Qc7 14. Qxd6 Qxd6
15. Nxd6 Be5 16. Nxc8 Raxc8 17. Be3 b6 18. Rad1 Rcd8 19. Bg5 Bf6 20. Be3 Be5
21. Bd4 Bxd4 22. cxd4 Nf4 23. Re3 Kg7 24. Kh2 Kh6 25. Rc3 c5 26. d5 Rd6 27. a3
a5 28. Rdc1 Ra8 29. Bc4 f6 30. Rg1 Kg7 31. Rg4 g5 32. Rg1 h6 33. Rgc1 Ng6 34.
R1c2 Nf4 35. b4 axb4 36. axb4 cxb4 37. Rb3 Ra3 38. Rxa3 bxa3 39. Ra2 b5 40.
Bxb5 Rb6 41. Bd7 Rb2 42. Rxa3 Rxf2+ 43. Kg1 Rd2 44. Bg4 Rd1+ 45. Kf2 Rd2+ 46.
Ke3 Re2+ 47. Kd4 Rd2+ 48. Kc4 Rc2+ 49. Rc3 Rxc3+ 50. Kxc3 Kf8 51. Kd4 Ke7 52.
Kc4 Kd8 53. Kc5 Nd3+ 54. Kc6 Ne5+ 55. Kc5 Nd3+ 56. Kc6 Ne5+ 57. Kc5 1/2-1/2

[Event "Open A"]
[Site "Frosinone ITA"]
[Date "1997.03.??"]
[Round "1"]
[White "Chiacchiararelli, Bruno"]
[Black "Agomeri, Gianluca"]
[Result "0-1"]
[WhiteElo "1771"]
[BlackElo "1729"]
[PlyCount "54"]
[EventDate "1997.03.08"]

1. d4 Nf6 2. c4 e6 3. Nc3 Bb4 4. e3 O-O 5. Nge2 d5 6. a3 Bd6 7. Qd3 Bd7 8. f3
c5 9. cxd5 exd5 10. dxc5 Bxc5 11. Nxd5 Be6 12. Nxf6+ Qxf6 13. Qc3 Qe7 14. b4
Bd6 15. Bb2 f6 16. Nd4 Rc8 17. Qd2 Nd7 18. Bd3 Ne5 19. Nf5 Nxd3+ 20. Qxd3 Bxf5
21. Qxf5 Qxe3+ 22. Kf1 Qd2 23. Qe6+ Kh8 24. Re1 Rc2 25. Re2 Qd1+ 26. Re1 Qd3+
27. Kg1 Qd2 0-1

[Event "Open A"]
[Site "Frosinone ITA"]
[Date "1997.03.??"]
[Round "1"]
[White "Ciarlo, Michele"]
[Black "Gagliardi, Pietro"]
[Result "0-1"]
[WhiteElo "1600"]
[BlackElo "2185"]
[PlyCount "56"]
[EventDate "1997.03.08"]

1. d4 Nf6 2. c4 c5 3. d5 d6 4. Nc3 g6 5. e4 Bg7 6. Nf3 O-O 7. Be2 e6 8. O-O
exd5 9. cxd5 Re8 10. Bg5 h6 11. Bxf6 Bxf6 12. Nd2 a6 13. f4 b5 14. Qc2 Nd7 15.
a4 b4 16. Nd1 Nb6 17. a5 Nxd5 18. Bc4 Bd4+ 19. Kh1 Nc7 20. Nf3 Bg7 21. Ne3 Bb7
22. Nd2 Qd7 23. f5 d5 24. exd5 Rxe3 25. fxg6 fxg6 26. Qxg6 Bxd5 27. Bxd5+ Qxd5
28. Qc2 Re2 0-1

[Event "Open A"]
[Site "Frosinone ITA"]
[Date "1997.03.??"]
[Round "1"]
[White "Corinthios, Raimondo"]
[Black "Scagliarini, Bruno"]
[Result "0-1"]
[WhiteElo "1510"]
[BlackElo "1728"]
[PlyCount "98"]
[EventDate "1997.03.08"]

1. e4 e6 2. d4 d5 3. Nc3 Bb4 4. e5 c5 5. a3 Bxc3+ 6. bxc3 Ne7 7. Nf3 Nbc6 8.
Bd3 Qa5 9. Bd2 Bd7 10. O-O c4 11. Be2 f6 12. Qe1 Qc7 13. Bf4 Ng6 14. Bg3 f5 15.
Nh4 O-O-O 16. Qd2 Nce7 17. a4 Rdf8 18. f4 h6 19. a5 Rfg8 20. Rab1 Nf8 21. a6 b6
22. Qc1 g5 23. Nf3 gxf4 24. Bxf4 h5 25. Qa3 Neg6 26. Bg5 Nh7 27. Qd6 Qxd6 28.
exd6 Nxg5 29. Nxg5 Nf4 30. Bf3 Rxg5 31. Rxb6 axb6 32. Rb1 b5 33. Kf2 Rhg8 34.
g3 Nh3+ 35. Kg2 Nf4+ 36. Kf2 Ng6 37. h4 Rg4 38. Bxg4 fxg4 39. a7 Kb7 40. Ra1
Ra8 41. Ke3 Rxa7 42. Rf1 Kc6 43. Rf6 Nxh4 44. gxh4 Kxd6 45. Rg6 Be8 46. Rg8 Bf7
47. Rb8 Ra2 48. Kd2 Bg6 49. Rxb5 Rxc2+ 0-1

[Event "Open A"]
[Site "Frosinone ITA"]
[Date "1997.03.??"]
[Round "1"]
[White "Cristofari, Mario"]
[Black "Chiacchiararelli, Antonino"]
[Result "1/2-1/2"]
[WhiteElo "1746"]
[BlackElo "1560"]
[PlyCount "53"]
[EventDate "1997.03.08"]

1. d4 d5 2. c4 c6 3. e3 Nf6 4. Nc3 g6 5. Nf3 Bg7 6. Bd2 O-O 7. Bd3 b6 8. O-O
Nbd7 9. cxd5 cxd5 10. Rc1 Bb7 11. Ne5 Nxe5 12. dxe5 Ne4 13. f4 Nxd2 14. Qxd2
Rc8 15. Ne2 Qd7 16. Nd4 Rxc1 17. Rxc1 Rc8 18. Bb5 Rxc1+ 19. Qxc1 Qd8 20. Qc3 e6
21. Nc6 Bxc6 22. Bxc6 Qc7 23. b4 a5 24. b5 Bf8 25. Kf2 Bc5 26. Kf3 Qe7 27. Qe1
1/2-1/2

[Event "Open A"]
[Site "Frosinone ITA"]
[Date "1997.03.??"]
[Round "1"]
[White "Pantano, Fulvio"]
[Black "Scagliarini, Valentina"]
[Result "1-0"]
[WhiteElo "1636"]
[BlackElo "1771"]
[PlyCount "95"]
[EventDate "1997.03.08"]

1. e4 e6 2. d4 d5 3. Nd2 dxe4 4. Nxe4 Nd7 5. Nf3 Ngf6 6. Bd3 Nxe4 7. Bxe4 Nf6
8. Qe2 Be7 9. Bxb7 Bxb7 10. Qb5+ Qd7 11. Qxb7 O-O 12. O-O Rfb8 13. Qa6 Nh5 14.
Qe2 g6 15. c3 Bd6 16. Re1 Re8 17. Ne5 Qe7 18. g4 Nf6 19. Bg5 Kg7 20. Qf3 h6 21.
Nc6 hxg5 22. Nxe7 Bxe7 23. c4 Rh8 24. Kg2 Bd6 25. h3 Rab8 26. b3 Rh4 27. Re5
Bxe5 28. dxe5 Nd7 29. Qe3 Rbh8 30. Rh1 a6 31. Qxg5 f6 32. exf6+ Nxf6 33. Qe5
Kf7 34. Qxc7+ Kf8 35. f3 R4h7 36. Qd6+ Kf7 37. Qf4 Ke7 38. Rd1 Re8 39. g5 Nd7
40. Qd6+ Kd8 41. c5 Kc8 42. Qxa6+ Kc7 43. Qd6+ Kc8 44. Rd4 Nb8 45. c6 Rc7 46.
Rc4 Ree7 47. b4 Na6 48. b5 1-0

[Event "Open A"]
[Site "Frosinone ITA"]
[Date "1997.03.??"]
[Round "1"]
[White "Rosato, Luciano"]
[Black "Gorini, Alessandro"]
[Result "1-0"]
[WhiteElo "1931"]
[BlackElo "1615"]
[PlyCount "53"]
[EventDate "1997.03.08"]

1. d4 d5 2. c4 e6 3. Nc3 Nf6 4. cxd5 exd5 5. Bg5 Bb4 6. Qb3 Bxc3+ 7. bxc3 h6 8.
Bxf6 gxf6 9. e3 c6 10. Ne2 Qc7 11. Nf4 h5 12. Bd3 f5 13. O-O Be6 14. c4 Qd7 15.
Rab1 dxc4 16. Bxc4 Rh6 17. Bxe6 fxe6 18. Qxb7 Qxb7 19. Rxb7 Nd7 20. Nd3 Kd8 21.
Rc1 Kc8 22. Rb3 Kc7 23. Rbc3 c5 24. Nxc5 Nxc5 25. Rxc5+ Kd6 26. Rc6+ Kd5 27. f3
1-0

[Event "Open A"]
[Site "Frosinone ITA"]
[Date "1997.03.??"]
[Round "1"]
[White "Simeoni, Matteo"]
[Black "Coppini, Giorgio"]
[Result "1/2-1/2"]
[WhiteElo "1797"]
[BlackElo "2195"]
[PlyCount "64"]
[EventDate "1997.03.08"]

1. e4 g6 2. d4 Bg7 3. Nc3 d6 4. Nf3 Nf6 5. Be2 O-O 6. O-O c6 7. a4 Qc7 8. Be3
a5 9. h3 Na6 10. Qd2 Nb4 11. Ne1 e5 12. Bf3 b6 13. Nd3 Nxd3 14. cxd3 Nd7 15. d5
c5 16. Be2 Ba6 17. Bh6 Qd8 18. Bxg7 Kxg7 19. f4 exf4 20. Rxf4 Qe7 21. Raf1 Ne5
22. d4 Nc4 23. Bxc4 Bxc4 24. R1f2 Ba6 25. Qe3 Rae8 26. Rf6 Qc7 27. dxc5 bxc5
28. Qf4 Re5 29. Re6 Re8 30. Qf6+ Kg8 31. Rxd6 Bd3 32. Rc6 Qa7 1/2-1/2

[Event "Open A"]
[Site "Frosinone ITA"]
[Date "1997.03.??"]
[Round "2"]
[White "Agomeri, Gianluca"]
[Black "Rosato, Luciano"]
[Result "1/2-1/2"]
[WhiteElo "1729"]
[BlackElo "1931"]
[PlyCount "110"]
[EventDate "1997.03.08"]

1. d4 Nf6 2. c4 g6 3. Nc3 Bg7 4. e4 d6 5. f3 O-O 6. Be3 b6 7. Bd3 a6 8. Nge2 c5
9. e5 Ne8 10. exd6 cxd4 11. Bxd4 Nxd6 12. Bxg7 Kxg7 13. O-O Bb7 14. Nf4 Nd7 15.
Qe2 Nc5 16. Bc2 a5 17. Rad1 Ba6 18. b3 Ra7 19. Ne4 Ncxe4 20. Bxe4 Qc7 21. Bd5
Qc5+ 22. Kh1 Bc8 23. Nd3 Qd4 24. f4 Nf5 25. Rf3 Qf6 26. Ne5 h5 27. Rfd3 Nh6 28.
Qe3 Bg4 29. Bf3 Bf5 30. R3d2 Rc8 31. h3 Be6 32. Qxb6 Rcc7 33. Qd4 Nf5 34. Qb2
Ng3+ 35. Kh2 h4 36. Nc6 Qxb2 37. Rxb2 Ra6 38. Ne5 f6 39. Ng4 a4 40. Bd5 Bxd5
41. cxd5 axb3 42. axb3 Rb6 43. b4 Rcb7 44. Rdb1 Rb5 45. Ne3 f5 46. Nc4 Rxd5 47.
b5 Rd4 48. Na5 Rb6 49. Nc6 Rxf4 50. Nxe7 Rd4 51. Rb4 Rxb4 52. Rxb4 Re6 53. Rxh4
Rxe7 54. Kxg3 Re3+ 55. Kf4 Rb3 1/2-1/2

[Event "Open A"]
[Site "Frosinone ITA"]
[Date "1997.03.??"]
[Round "2"]
[White "Boccia, Mattia Mario"]
[Black "Simeoni, Matteo"]
[Result "0-1"]
[WhiteElo "1534"]
[BlackElo "1797"]
[PlyCount "54"]
[EventDate "1997.03.08"]

1. e4 c5 2. c3 Nf6 3. e5 Nd5 4. d4 cxd4 5. Nf3 e6 6. cxd4 b6 7. Nc3 Nxc3 8.
bxc3 Qc7 9. Bd2 Bb7 10. Bd3 d6 11. O-O Nd7 12. Re1 dxe5 13. Nxe5 a6 14. Nxf7
Kxf7 15. Qh5+ g6 16. Qg4 Re8 17. Be4 Nf6 18. Qf3 Bxe4 19. Rxe4 Bd6 20. Bg5 Qd8
21. Rb1 h6 22. Bxf6 Qxf6 23. Qxf6+ Kxf6 24. Rxb6 Rb8 25. Rb3 Rxb3 26. axb3 Rb8
27. g3 Rxb3 0-1

[Event "Open A"]
[Site "Frosinone ITA"]
[Date "1997.03.??"]
[Round "2"]
[White "Chiacchiararelli, Bruno"]
[Black "Ciarlo, Michele"]
[Result "1-0"]
[WhiteElo "1771"]
[BlackElo "1600"]
[PlyCount "59"]
[EventDate "1997.03.08"]

1. d4 Nf6 2. c4 g6 3. Nc3 Bg7 4. e4 d6 5. Be2 O-O 6. Nf3 e5 7. dxe5 dxe5 8.
Qxd8 Rxd8 9. Bg5 Re8 10. Nd5 Nxd5 11. cxd5 f5 12. Rc1 c6 13. Bc4 Kh8 14. Nd2 f4
15. f3 Bd7 16. Ke2 cxd5 17. exd5 a6 18. Ne4 h6 19. Bh4 g5 20. Bf2 Bf5 21. Nd6
Rf8 22. Nxf5 Rxf5 23. Bd3 Rf8 24. Rc7 Rd8 25. Bf5 b5 26. Rhc1 Rf8 27. Rc8 a5
28. Rxf8+ Bxf8 29. Bc8 Na6 30. Bb7 1-0

[Event "Open A"]
[Site "Frosinone ITA"]
[Date "1997.03.??"]
[Round "2"]
[White "Coppini, Giorgio"]
[Black "Chiacchiararelli, Antonino"]
[Result "1-0"]
[WhiteElo "2195"]
[BlackElo "1560"]
[PlyCount "77"]
[EventDate "1997.03.08"]

1. e4 c6 2. d4 d5 3. Nc3 g6 4. h3 dxe4 5. Nxe4 Bg7 6. Nf3 Nd7 7. Bc4 Ngf6 8.
Nxf6+ Nxf6 9. O-O Ne4 10. Re1 Nd6 11. Bb3 O-O 12. c3 e6 13. Bf4 b6 14. Ne5 Bb7
15. Qe2 Qe7 16. Rad1 Rfd8 17. Ng4 a5 18. Bh6 Bxh6 19. Nxh6+ Kg7 20. Ng4 Qg5 21.
Bc2 Ba6 22. Bd3 Bxd3 23. Rxd3 h5 24. Ne5 Rac8 25. Rg3 Qh6 26. Nd3 Nf5 27. Rf3
Qg5 28. Qe5+ Kh6 29. Qe4 Rd5 30. Ne5 Rc7 31. Kf1 Nd6 32. Qc2 c5 33. h4 Qxh4 34.
c4 Rxd4 35. Rxf7 Qh1+ 36. Ke2 Re4+ 37. Qxe4 Nxe4 38. Rxh1 Rxf7 39. Nxf7+ 1-0

[Event "Open A"]
[Site "Frosinone ITA"]
[Date "1997.03.??"]
[Round "2"]
[White "Gatta, Flavio"]
[Black "Agomeri, Dante"]
[Result "0-1"]
[WhiteElo "1528"]
[BlackElo "1666"]
[PlyCount "104"]
[EventDate "1997.03.08"]

1. e4 e5 2. Nf3 Nc6 3. Bb5 Nf6 4. O-O d6 5. Re1 Bd7 6. d4 exd4 7. Nxd4 Ne5 8.
Bxd7+ Qxd7 9. Nc3 O-O-O 10. Qe2 h5 11. Qb5 Qxb5 12. Ndxb5 a6 13. Nd4 Nfd7 14.
Nf5 g6 15. Nd4 h4 16. f4 c5 17. Nde2 Ng4 18. Nd5 Bg7 19. Nec3 Bd4+ 20. Be3 Nxe3
21. Nxe3 Rde8 22. Rad1 Nf6 23. h3 Nxe4 24. Ncd5 Bxb2 25. Nb6+ Kb8 26. Ned5 Bd4+
27. Kh2 Bf2 28. Rf1 Bg3+ 29. Kg1 f5 30. c4 Ka7 31. a4 Rhg8 32. a5 g5 33. fxg5
Rxg5 34. Rd3 Be5 35. Nc7 Reg8 36. g4 hxg3 37. Kg2 f4 38. Ne6 Nf2 39. Rf3 Rh5
40. Nxf4 Bxf4 41. Rxf4 Rxh3 42. R1xf2 Rh2+ 43. Kg1 Rxf2 44. Rxf2 gxf2+ 45. Kxf2
Kb8 46. Kf3 Rg1 47. Ke4 Kc7 48. Nd5+ Kc6 49. Ne7+ Kd7 50. Nd5 Ra1 51. Nb6+ Kc6
52. Nd5 Rxa5 0-1

[Event "Open A"]
[Site "Frosinone ITA"]
[Date "1997.03.??"]
[Round "2"]
[White "Gonzini, Gianmaria"]
[Black "Cristofari, Mario"]
[Result "1-0"]
[WhiteElo "1600"]
[BlackElo "1746"]
[PlyCount "86"]
[EventDate "1997.03.08"]

1. c4 e5 2. Nc3 Nf6 3. g3 c5 4. Bg2 Nc6 5. d3 d6 6. Nf3 h6 7. O-O Be7 8. Ne1 g5
9. Nc2 Be6 10. Ne3 Qd7 11. a3 Bh3 12. Rb1 Bxg2 13. Kxg2 h5 14. b4 h4 15. Rh1
cxb4 16. axb4 Nd4 17. b5 h3+ 18. Kg1 Nh5 19. Ncd5 f5 20. b6 a6 21. Nc7+ Kf7 22.
Nxa8 Rxa8 23. Nd5 g4 24. Nc7 Rg8 25. Bh6 Rh8 26. Be3 Ne6 27. Nd5 Nf6 28. f3 Qc6
29. Nb4 Qd7 30. Kf2 f4 31. Bc1 d5 32. gxf4 exf4 33. d4 dxc4 34. d5 g3+ 35. hxg3
fxg3+ 36. Kxg3 Rg8+ 37. Kf2 Rg2+ 38. Kf1 Nc5 39. Qd4 Nh5 40. Bf4 Qf5 41. Rc1
Nxf4 42. Qxc4 Kg6 43. Qc2 Rxe2 1-0

[Event "Open A"]
[Site "Frosinone ITA"]
[Date "1997.03.??"]
[Round "2"]
[White "Gorini, Alessandro"]
[Black "Rovatti, Paolo"]
[Result "0-1"]
[WhiteElo "1615"]
[BlackElo "1603"]
[PlyCount "68"]
[EventDate "1997.03.08"]

1. d4 e6 2. c4 c5 3. Nf3 g6 4. Bg5 Nf6 5. Nc3 cxd4 6. Nxd4 Bg7 7. e3 O-O 8. Be2
Qa5 9. Bxf6 Bxf6 10. O-O Nc6 11. Ne4 Bg7 12. Nb3 Qc7 13. Nc3 Ne5 14. Nd2 a6 15.
f4 Nc6 16. Nde4 b6 17. a3 Na5 18. Nd6 Rd8 19. Rc1 Nb7 20. Nde4 d6 21. b4 a5 22.
Qb3 axb4 23. axb4 Bd7 24. Rfd1 Ra7 25. Bf3 Rda8 26. Nb5 Bxb5 27. cxb5 Qb8 28.
Rc6 d5 29. Rdc1 Ra1 30. Ng5 Nd6 31. Rxa1 Rxa1+ 32. Kf2 Nxb5 33. Be2 h6 34. Nf3
Nd4 0-1

[Event "Open A"]
[Site "Frosinone ITA"]
[Date "1997.03.??"]
[Round "2"]
[White "Marinelli, Franco"]
[Black "Abuhamdieh, Arafat"]
[Result "0-1"]
[WhiteElo "1522"]
[BlackElo "1420"]
[PlyCount "160"]
[EventDate "1997.03.08"]

1. d4 Nf6 2. Nf3 e6 3. g3 Be7 4. Bg2 O-O 5. Nbd2 d5 6. O-O c5 7. c3 b6 8. dxc5
bxc5 9. Re1 Bb7 10. Nb3 c4 11. Nbd4 Nbd7 12. Bf4 Nh5 13. Bd2 e5 14. Nf5 Bc5 15.
Qc2 Qb6 16. Be3 Bxe3 17. Nxe3 e4 18. Nd4 g6 19. f4 Nc5 20. b3 cxb3 21. axb3 Ng7
22. Kh1 Nge6 23. Qb2 a5 24. Nxe6 Nxe6 25. Nc2 Qf2 26. Nd4 Nxd4 27. cxd4 h5 28.
Rab1 Qe3 29. Qc2 Qxd4 30. e3 Qh8 31. Qc7 Ba6 32. Qxa5 Bd3 33. Qxd5 Bxb1 34.
Rxb1 Ra1 35. Qxe4 Qb2 36. Rg1 Rfa8 37. h3 Rxg1+ 38. Kxg1 Ra1+ 39. Bf1 Qxb3 40.
Qe8+ Kh7 41. Qe7 Re1 42. Kf2 Rc1 43. Be2 Qa2 44. Qb7 Rc2 45. Qb5 Qe6 46. Qb1
Qc4 47. Qd1 Qc3 48. Qd3 Qc5 49. Qd1 Rc3 50. Qd2 Rc2 51. Qd1 Rb2 52. h4 Qf5 53.
Qc1 Rb1 54. Qc6 Rb2 55. Qf3 Qh3 56. Kg1 Rb1+ 57. Bf1 Qe6 58. Kg2 Qa2+ 59. Be2
Rb2 60. Kf1 Kg7 61. Kf2 Qe6 62. Kg2 Rb6 63. g4 hxg4 64. Qxg4 Qxe3 65. Qf3 Qd2
66. h5 Rf6 67. hxg6 Rxg6+ 68. Kf2 Qd4+ 69. Qe3 Qa1 70. Qe5+ Qxe5 71. fxe5 Re6
72. Bf3 Rxe5 73. Kg3 Rg5+ 74. Kf4 f6 75. Be4 Rg1 76. Kf5 Rf1+ 77. Kg4 Kf7 78.
Bf5 Ke7 79. Bc8 Kd6 80. Bf5 Ke5 0-1

[Event "Open A"]
[Site "Frosinone ITA"]
[Date "1997.03.??"]
[Round "2"]
[White "Scagliarini, Bruno"]
[Black "Gagliardi, Pietro"]
[Result "1/2-1/2"]
[WhiteElo "1728"]
[BlackElo "2185"]
[PlyCount "91"]
[EventDate "1997.03.08"]

1. c4 Nf6 2. g3 g6 3. Bg2 Bg7 4. Nc3 O-O 5. e3 c5 6. Nge2 Nc6 7. d4 cxd4 8.
Nxd4 Nxd4 9. exd4 d6 10. O-O Qc7 11. b3 a6 12. Bb2 Bd7 13. Re1 Rfe8 14. Qd2
Rac8 15. Nd5 Nxd5 16. Bxd5 Bc6 17. Bxc6 bxc6 18. Rad1 e6 19. h4 h5 20. Kh2 d5
21. cxd5 cxd5 22. Ba3 Qc2 23. Re2 Qf5 24. f4 Bf8 25. Bxf8 Rxf8 26. Rc1 Kg7 27.
Re3 Rxc1 28. Qxc1 a5 29. Rc3 Qe4 30. Qd2 Rb8 31. a3 Qb1 32. Qe3 Kf8 33. a4 Qe4
34. Qd2 Rb4 35. Rd3 Kg7 36. Qd1 Rb8 37. Rc3 Rb4 38. Rd3 Kf6 39. Qd2 Rb7 40. Rc3
Qb1 41. Qe3 Ke7 42. Kg2 Qd1 43. Qd3 Qxd3 44. Rxd3 Kd6 45. Kf3 Rc7 46. Ke3
1/2-1/2

[Event "Open A"]
[Site "Frosinone ITA"]
[Date "1997.03.??"]
[Round "2"]
[White "Scagliarini, Valentina"]
[Black "Corinthios, Raimondo"]
[Result "1-0"]
[WhiteElo "1771"]
[BlackElo "1510"]
[PlyCount "87"]
[EventDate "1997.03.08"]

1. e4 e5 2. Nf3 Nc6 3. Bb5 a6 4. Bxc6 dxc6 5. d4 exd4 6. Qxd4 Qxd4 7. Nxd4 Bc5
8. Be3 Bb6 9. Nd2 Nf6 10. f3 O-O 11. Nc4 Ba7 12. O-O c5 13. Nb3 b5 14. Ncd2 c4
15. Bxa7 Rxa7 16. Nc1 Rd8 17. Rd1 c5 18. Kf2 Rad7 19. Ke1 b4 20. Ne2 c3 21.
bxc3 a5 22. Nb3 Ba6 23. Nxc5 Rxd1+ 24. Rxd1 Rxd1+ 25. Kxd1 Bc4 26. Nb3 Nd7 27.
Ned4 Ne5 28. Kd2 Bf1 29. a3 Bxg2 30. Ke2 Kf8 31. Nxa5 Bh3 32. Nac6 Nxc6 33.
Nxc6 Bd7 34. Nxb4 Ke7 35. Kd3 Kd6 36. Kd4 f6 37. f4 g6 38. e5+ fxe5+ 39. fxe5+
Ke6 40. c4 Kf5 41. c5 Kg4 42. c6 Bc8 43. Kd5 Kh3 44. e6 1-0

[Event "Open A"]
[Site "Frosinone ITA"]
[Date "1997.03.??"]
[Round "2"]
[White "Vannelli, Vittorio"]
[Black "Pantano, Fulvio"]
[Result "1-0"]
[WhiteElo "1567"]
[BlackElo "1636"]
[PlyCount "49"]
[EventDate "1997.03.08"]

1. e4 d6 2. d4 Nf6 3. Nc3 g6 4. Bc4 Bg7 5. Qe2 O-O 6. e5 dxe5 7. dxe5 Ne8 8.
Bg5 c6 9. Nf3 Nc7 10. Rd1 Qe8 11. Qe3 Be6 12. Bxe6 Nxe6 13. Bh6 Nd7 14. Bxg7
Kxg7 15. O-O Nb6 16. Nd4 Nxd4 17. Rxd4 Rd8 18. Rfd1 Rxd4 19. Rxd4 Qc8 20. Rh4
Rh8 21. Qh6+ Kg8 22. Rd4 Qc7 23. Ne4 Nd5 24. Rxd5 f5 25. exf6 1-0

[Event "Open A"]
[Site "Frosinone ITA"]
[Date "1997.03.??"]
[Round "3"]
[White "Abuhamdieh, Arafat"]
[Black "Coppini, Giorgio"]
[Result "0-1"]
[WhiteElo "1420"]
[BlackElo "2195"]
[PlyCount "70"]
[EventDate "1997.03.08"]

1. d4 d5 2. c4 c6 3. e3 e6 4. Bd3 Nf6 5. Ne2 Bd6 6. O-O O-O 7. c5 Bc7 8. Nbc3
e5 9. dxe5 Bxe5 10. Nd4 Nbd7 11. f4 Bc7 12. Na4 Re8 13. b4 Ne4 14. Qc2 Nf8 15.
Nc3 Nf6 16. h3 Ng6 17. Qf2 Qe7 18. g4 a5 19. Nf5 Bxf5 20. gxf5 axb4 21. fxg6
bxc3 22. gxh7+ Kh8 23. a4 Qxc5 24. Bc2 Qe7 25. Kh1 Ne4 26. Qg2 Qh4 27. Rf3 Qxh7
28. Ba3 Re6 29. f5 Rh6 30. Kg1 Rh5 31. Bxe4 dxe4 32. Rf2 Rxh3 33. Qxe4 Rh4 34.
Qe7 Rh1+ 35. Kg2 Qh3# 0-1